00461nam a2200157Ia 4500008003600000082001500036100001900051245002500070260002200095650001600117650001300133690001300146906001100159999001700170952011600187210210b xxu||||| |||| 00| 0 eng d a383/99 UGC aSHERLEKAR, S A aSecretarial practics abNot Mentionedc aSecretarial apractics aCommerce a036491 c86717d86717 00102ddc40708COMaALbALcUGCd2021-02-17g0.00l0o383/99 UGCp036491r2021-02-17 00:00:00w2021-02-17yBK